All-Star Team Mondiali 2014 - Statistics

Statistiche generali
  • Questo quiz è stato fatto 56 volte
  • Il punteggio medio è 9 su 11
Statistiche sulle risposte
Ruolo Nazione Calciatore % Corretto
Attaccante Argentina Lionel Messi
98%
Portiere Germania Manuel Neuer
96%
Centrocampista Colombia James Rodríguez
94%
Attaccante Brasile Neymar
92%
Difensore Brasile Thiago Silva
79%
Attaccante Germania Thomas Müller
79%
Difensore Brasile Marcelo
71%
Difensore Brasile David Luiz
69%
Difensore Germania Mats Hummels
69%
Centrocampista Germania Toni Kroos
65%
Centrocampista Argentina Ángel Di María
56%
Nessun quiz corrispondente trovato
Distribuzione punteggi
Percentuale di utenti per punteggio
Percentile per numero di risposta
I tuoi punteggi nel tempo
Non hai fatto questo quiz